Dr.Mario World - Tous les Personnages [avec image] - Statistiques

Statistiques générales
  • Ce quiz a été pris 10 fois
  • Le résultat moyen est 36 sur 45
Statistiques - réponses
Par images Réponse % Correct
Dr.Bébé Daisy
100%
Dr.Bébé Luigi
100%
Dr.Bébé Mario
100%
Dr.Bébé Peach
100%
Dr.Bowser
100%
Dr.Daisy
100%
Dr.Donkey Kong
100%
Dr.Luigi
100%
Dr.Mario
100%
Dr.Peach
100%
Dr.Toad
100%
Dr.Toadette
100%
Dr.Waluigi
100%
Dr.Wario
100%
Dr.Yoshi
100%
Dr.Bébé Harmonie
89%
Dr.Boo
89%
Dr.Bowser Jr.
89%
Dr.Bowser Skelet
89%
Dr.Diddy Kong
89%
Dr.Harmonie
89%
Dr.Kamek
89%
Dr.Koopa Troopa
89%
Dr.Lakitu
89%
Dr.Plante Piranha
89%
Dr.Roi Boo
89%
Dr.Bébé Wario
78%
Dr.Harmonie de Feu
78%
Dr.Larry Koopa
78%
Dr.Luigi de feu
78%
Dr.Luma
78%
Dr.Mario de feu
78%
Dr.Peach de Feu
78%
Dr.Carottin
67%
Dr.Dauphin
67%
Dr.Flora Piranha
56%
Dr.Iggy Koopa
56%
Dr.Morton Koopa Jr.
56%
Dr.Roy Koopa
56%
Dr.Wendy O. Koopa
56%
Dr.Bloups
44%
Dr.Lemmy Koopa
44%
Dr.Ludwig von Koopa
44%
Dr.Tour Goomba
22%
8-Bit Dr.Mario
11%
Aucun quiz correspondant
Distribution des résultats
% des personnes avec chaque résultat
Percentile par nombre de réponses
Votre historique - résultats
Vous n’avez pas pris ce quiz